| 000 | 00390nam a2200169Ia 4500 | ||
|---|---|---|---|
| 008 | 230711s9999||||xx |||||||||||||| ||und|| | ||
| 020 | _a978-93-86700-86-5 | ||
| 041 | _aENG | ||
| 082 |
_a372.6 _bPA-C |
||
| 100 | _aPandey,Meenu | ||
| 245 | 0 | _aCommunication Skill | |
| 250 | _a1st Ed. | ||
| 260 |
_c2017 _aPune _bNirali Prakashan |
||
| 300 | _a10.10p. | ||
| 650 | _aPharmacy | ||
| 942 | _cBK | ||
| 999 |
_c7331 _d7331 |
||